Manual de la Legislación de Bolsa / (Record no. 153782)

MARC details
000 -LEADER
campo de control de longitud fija 00722nam a2200205 i 4500
001 - NÚMERO DE CONTROL
campo de control 153782
003 - IDENTIFICADOR DE NÚMERO DE CONTROL
campo de control ES-MaACL
005 - FECHA Y HORA DE LA ÚLTIMA TRANSACCIÓN
campo de control 20250827062633.0
008 - DATOS DE LONGITUD FIJA--INFORMACIÓN GENERAL
campo de control de longitud fija 931025s1879 sp |||| | spa d
110 1# - ENTRADA PRINCIPAL--NOMBRE DE ENTIDAD CORPORATIVA
Nombre de entidad corporativa o nombre de jurisdicción como elemento de entrada España
9 (RLIN) 3622
240 00 - TÍTULO UNIFORME
Título uniforme Leyes, etc.
245 10 - MENCIÓN DEL TÍTULO
Título Manual de la Legislación de Bolsa /
Mención de responsabilidad, etc. publicado por la Junta Sindical del Colegio de Agentes de Cambios de Madrid.
260 ## - PUBLICACIÓN, DISTRIBUCIÓN, ETC.
Lugar de publicación, distribución, etc. Madrid :
Nombre del editor, distribuidor, etc. [s.n.],
Fecha de publicación, distribución, etc. 1879 (
Fabricante Imp. de Moya y Plaza)
300 ## - DESCRIPCIÓN FÍSICA
Extensión VIII, 352 p. ;
Dimensiones 19 cm.
700 01 - ENTRADA AGREGADA--NOMBRE PERSONAL
Nombre de persona Moya y Plaza,
Término indicativo de función/relación
9 (RLIN) 130262
710 11 - ENTRADA AGREGADA--NOMBRE DE ENTIDAD CORPORATIVA
Nombre de entidad corporativa o nombre de jurisdicción como elemento de entrada Madrid.
Unidad subordinada La Junta Sindical del Colegio de Agentes de Cambios.
9 (RLIN) 134673
752 ## - ENTRADA AGREGADA--NOMBRE JERÁRQUICO DEL LUGAR
País o entidad superior España -
Ciudad Madrid
852 ## - LOCALIZACIÓN
Ubicación ES-MaACL
Número de control de estantería D-2697
Nota libre -- Enc. tela
Holdings
Estatus retirado Estado de pérdida Estado de daño No para préstamo Colección Biblioteca de origen Biblioteca actual Ubicación en estantería Fecha de adquisición Fuente de adquisición Total de préstamos Signatura topográfica completa Código de barras Visto por última vez Precio de reemplazo Tipo de ítem Koha
        Libros del s. XIX Biblioteca del Ateneo de Madrid Biblioteca del Ateneo de Madrid Sala Valle Inclán 17/01/2008     D-2697 901160779 23/02/2023 23/02/2023 Libro impreso antiguo